Normal view
MARC view
- Maiden, Cecil
Entry Personal Name
001 - CONTROL NUMBER
- control field: 90814
003 - CONTROL NUMBER IDENTIFIER
- control field: NUST
005 - DATE AND TIME OF LATEST TRANSACTION
- control field: 20220405101720.0
008 - FIXED-LENGTH DATA ELEMENTS
- fixed length control field: 220405|| aca||aabn | a|a d
040 ## - CATALOGING SOURCE
- Original cataloging agency: NUST
- Transcribing agency: NUST
100 ## - HEADING--PERSONAL NAME
- Personal name: Maiden, Cecil
670 ## - SOURCE DATA FOUND
- Source citation: Work cat.: (NUST)0: Maiden, Cecil., Man before the morning /, c1977.
